000
00298nam a22001457a 4500
008
230524b ||||| |||| 00| 0 eng d
020
_a
9782290239933
041
_a
FRA
080
_a
82
082
_a
82CAT
100
_a
38
101
_a
GJL
245
_a
AGATHE
_c
CATHRINE.A
942
_2
udc
_c
BK
999
_c
59847
_d
59847